Husserl/ (Record no. 69493)

MARC details
000 -LEADER
fixed length control field 00828nam a22002297a 4500
005 - DATE AND TIME OF LATEST TRANSACTION
control field 20120829105911.0
010 ## - LCCN (DPL NO)
LC control number B-462701
020 ## - INTERNATIONAL STANDARD BOOK NUMBER
International Standard Book Number 9780415289757
Terms of availability 325.00
035 ## - SYSTEM CONTROL NUMBER
System control number B-462701
037 ## - SOURCE OF ACQUISITION
Stock number dpl
Source of stock number/acquisition K.K. Pub/Ven
082 ## - DEWEY DECIMAL CLASSIFICATION NUMBER
Classification number 193
100 ## - MAIN ENTRY--PERSONAL NAME
Personal name Smith, David Woodruff
245 ## - TITLE STATEMENT
Title Husserl/
Statement of responsibility, etc by David woodruff smith
260 ## - PUBLICATION, DISTRIBUTION, ETC. (IMPRINT)
Place of publication, distribution, etc New York
Name of publisher, distributor, etc Routledge
Date of publication, distribution, etc 2007
270 ## - ADDRESS
Address 2 Park square milton park abingdon oxon
City New York
300 ## - PHYSICAL DESCRIPTION
Extent 467p.
Dimensions 23cm (pbk)
500 ## - GENERAL NOTE
General note It includes index.
700 ## - ADDED ENTRY--PERSONAL NAME
9 (RLIN) 51694
942 ## - ADDED ENTRY ELEMENTS (KOHA)
Source of classification or shelving scheme Dewey Decimal Classification
Item type English Books
Call number suffix SMI
Classification part 193
Holdings
Withdrawn status Lost status Not for loan Collection code Home library Current library Date acquired Source of acquisition Cost, normal purchase price Full call number Barcode Copy number Cost, replacement price Koha item type
      Non-fiction Central Library Central Library 06/09/2012 K.K.Pub/BL1749/11.02.2012/19/11.02.2012/15.02.2012 325.00 193 SMI B-462701 1 325.00 English Books

© Delhi Public Library
Hit Counter
free hit counter